The hERG Cardiac Potassium Channel: Structure,Function and Long QT Syndrome (Record no. 23656)
[ view plain ]
| 000 -LEADER | |
|---|---|
| fixed length control field | 00492nam a22001577a 4500 |
| 003 - CONTROL NUMBER IDENTIFIER | |
| control field | NUST |
| 008 - FIXED-LENGTH DATA ELEMENTS--GENERAL INFORMATION | |
| fixed length control field | 131227b xxu||||| |||| 00| 0 eng d |
| 020 ## - INTERNATIONAL STANDARD BOOK NUMBER | |
| International Standard Book Number | 0470021403 |
| Terms of availability | Available |
| 038 ## - RECORD CONTENT LICENSOR | |
| Staff Name | Nusrat Nadeem |
| 082 ## - DEWEY DECIMAL CLASSIFICATION NUMBER | |
| Classification number | 612.17 CHA |
| Author Mark | 002252 |
| 100 ## - MAIN ENTRY--PERSONAL NAME | |
| Miscellaneous information | HB 297,p |
| Personal name | Chadwick |
| 9 (RLIN) | 21397 |
| 245 ## - TITLE STATEMENT | |
| Title | The hERG Cardiac Potassium Channel: Structure,Function and Long QT Syndrome |
| Statement of responsibility, etc. | Chadwick |
| 260 ## - PUBLICATION, DISTRIBUTION, ETC. | |
| Place of publication, distribution, etc. | UK |
| Name of publisher, distributor, etc. | John Wiley & Sons |
| Date of publication, distribution, etc. | 2005 |
| 538 ## - SYSTEM DETAILS NOTE | |
| Display text | Bioinformatics Lab (Photocopy Book) |
| 942 ## - ADDED ENTRY ELEMENTS (KOHA) | |
| Source of classification or shelving scheme | |
| Koha item type | Book |
| Withdrawn status | Lost status | Source of classification or shelving scheme | Damaged status | Not for loan | Permanent Location | Current Location | Shelving location | Date acquired | Total Checkouts | Full call number | Barcode | Date last seen | Date last checked out | Price effective from | Koha item type | Total Renewals | Checked out |
|---|---|---|---|---|---|---|---|---|---|---|---|---|---|---|---|---|---|
| School of Interdisciplinary Engineering and Sciences (SINES) | School of Interdisciplinary Engineering and Sciences (SINES) | Text Books | 12/27/2013 | 1 | 612.17 CHA | RCMS002252 | 05/11/2020 | 11/22/2019 | 12/27/2013 | Text Books | |||||||
| School of Interdisciplinary Engineering and Sciences (SINES) | School of Interdisciplinary Engineering and Sciences (SINES) | Text Books | 09/03/2014 | 2 | 612.17CHA | RCMS002638 | 03/13/2020 | 11/22/2019 | 09/03/2014 | Text Books | |||||||
| School of Interdisciplinary Engineering and Sciences (SINES) | School of Interdisciplinary Engineering and Sciences (SINES) | Text Books | 08/15/2016 | 1 | 612.17 CHA | RCMS002901 | 02/01/2023 | 02/01/2023 | 08/15/2016 | Text Books | 1 | 06/01/2023 |
